000 00446nam a2200145 4500
001 120686
003 ES-MaACL
005 20230906191612.0
007 t|
008 070214s1912 pe r ||||1| spa d
100 1 _aGonzález Prada, Manuel.
_958881
245 1 0 _aNota informativa
_b: (acerca de la Biblioteca Nacional) /
_cManuel G. Prada.
260 _aLima :
_b[s. n.],
_c1912 (
_fImp. de `La Acción Popular`)
852 _aES-MaACL
_jT-1317-F-2
999 _c120686
_d120686